000 00406nam a22001457a 4500
999 _c258726
_d258725
003 OSt
005 20200630113551.0
008 200630b xxu||||| |||| 00| 0 eng d
020 _a0943088283
040 _cN/A
100 _aJack C Schultz et al
245 _aPlant signals in interactions with other organisms
260 _aMaryland,USA
_bAmerican society of plant physiologists
_c1947
942 _2lcc
_cBK